| 000 | 00705nam a2200253Ia 4500 | ||
|---|---|---|---|
| 003 | OSt | ||
| 005 | 20220918222842.0 | ||
| 006 | a|||||r|||| 00| 0 | ||
| 007 | ta | ||
| 008 | 220917b |||||||| |||| 00| 0 eng d | ||
| 024 | _a218,630 | ||
| 037 | _cTextual | ||
| 040 |
_aARTS _cARTS _beng |
||
| 041 |
_2eng _aeng |
||
| 082 | _aD65,8[B], N6 | ||
| 100 |
_aMillican Peter Ed. _9144234 |
||
| 245 | 0 | _aMachines and thought | |
| 260 |
_aNew York _bClarendon press _c1996 |
||
| 490 | _aMind association occasional | ||
| 650 |
_aENGINEERING _92968 |
||
| 700 |
_a Clark Andy Ed. _9144235 |
||
| 942 |
_hD65,8[B], N6 _cTEXL _2CC |
||
| 999 |
_c276657 _d276657 |
||